00356nam a2200121 a 450000100080000000500110000800800410001924500790006026000590013930000100019865000170020865300090022519180192012-03-08 1997 bl uuuu u0uu1 u #d aPLANO de utilização Projeto de Assentamento Agroextrativista Porto Dias. aRio Branco, Ac: INCRA, Diretoria de Assentamentoc1997 a24 p. aLegislação aAcre